000 00666nam a2200205Ia 4500
003 GCL
008 140319s9999 xx 000 0 ara d
020 _a9359215977
040 _aGCL /
_cGCL
082 0 4 _a239
_bع ر
100 1 _aعبدالحليم محمود
245 1 0 _aالرسول صلى الله عليه وسلم :
_bلمحات من حياته وانوار من هديه /
_cعبدالحليم محمود
250 _aالاولى
300 _a208 ص ؛
_c19 سم
650 0 4 _aالسيرة النبوية
650 0 4 _aالاسراء والمعراج
650 0 4 _aاخلاق الرسول
650 0 4 _aالحديث، علوم
942 _2ddc
_cBK
999 _c4871
_d4871